000 01199nam a22002777a 4500
001 03257
003 HDC
007 cr bn ---
008 210105b20172017my ||||| |||| 00| 0 eng d
040 _aHDC
245 4 _aThe Role of Green Projects and the Global Halal Ecosystem in Support of the UN Sustainable Development Goals
_c/ Dr. Joel B. Carboni
260 _aMalaysia
_b: Centre for Islamic Development Management Studies, USM
_c2017
300 _a1 online resource (10 pages)
336 _atext
_2rdacontent
337 _acomputer
_2rdamedia
338 _aonline resource
_2rdacarrier
500 _aExtract from: 12th ISDEV International Islamic Development Management Conference 2017 (IDMAC2017) Halal-Green Development Management, 2017
_aIncludes bibliographical references
650 _aEcosystem management
_92324
650 _aHalal industry
_9144
700 _aCarboni, Joel B.
_eauthor
_92325
710 _aUniversiti Sains Malaysia
_eissuing body
856 _zRequest full-text at [email protected]
942 _2lcc
942 _cCONP
942 _kCONF 000254
999 _c643
_d643